Ana Karenina /

Guardado en:
Detalles Bibliográficos
Autor principal: Tolstoi, León (autor)
Otros autores: García, Laura (voz) (voz)
Formato: Audio
Idioma:Español
Publicado: Colombia : Audio Libros : Yoyo Libros, 2002, c2002
Colección:(Fono-Libros)
Temas:
Etiquetas: Agrega una etiqueta
Sin etiquetas, Sé el primero en etiquetar este registro!

MARC

LEADER 00000nim^a2200000^a^4500
001 000174078
005 20250521000000.0
009 20260310101515.397
020 |a 958-43-0189-6 
037 |a Acervo ITESO - Biblioteca 
041 |a SON 
041 |a ESP 
082 |a 891. 7  |b TOL 
100 |a Tolstoi, León  |e (autor) 
240 1 1 |a [Ana Karenina] 
245 1 0 |a Ana Karenina /  |c L. Tolstoi ; voz de L. García. 
264 4 |a Colombia :  |b Audio Libros :  |b Yoyo Libros,  |c 2002, c2002 
300 |a 3 discos compactos sonoros (CDs disponibles) 
300 |a 1 audiolibro 
336 |a palabra hablada  |b spw  |2 rdacontenido 
337 |a audio  |b s  |2 rdamedio 
338 |a disco sonoro  |b sd  |2 rdasoporte 
440 1 |a (Fono-Libros) 
545 0 |a León Tolstoi, escritor ruso nacido en 1828, es autor de una extensa y muy apreciada obra, en la que destacan las novelas Guerra y paz (1863-1869), narración ubicada en el período 1803-1813 de la historia de Rusia, y Ana Karenina (1873-1877), ficción sobre un adulterio consumado en el ámbito de la alta sociedad, que obtuvo un gran éxito en su momento. Tolstoi debutó con Infancia (1852), primera parte de una trilogía completada con Adolescencia (1854) y Juventud (1857), que lo dio a conocer de inmediato como un escritor de gran talento; durante este mismo ciclo presentó los tres Relatos de Sebastopol (1855-1856), muestra de su capacidad como cuentista. Huérfano desde muy pequeño y criado por mujeres muy religiosas, Tolstoi enfrentó una crisis espiritual tras la publicación de sus dos grandes novelas e inició un período de obras de carácter moral y religioso, entre las que pueden citarse La muerte de Iván Ilich (1887-89), Sonata a Kreutzer (1889-90) y Resurrección (1889-1890), su última novela. Sin embargo, el escritor ruso mantuvo hasta su muerte, ocurrida en 1910, una actividad intelectual infatigable, reflejada principalmente en una serie de cuentos que, como el resto de la obra de Tolstoi, presentan una fuerza moral que les da significación universal. 
649 |a XX 
650 |a Mujeres en la Literatura 
650 |a Novela Rusa 
650 |a Literatura Rusa -  |y Siglo XIX 
650 |a Adulterio en la Literatura 
650 |a Adulterio -  |x Tema Principal 
650 |a Infidelidad en la Literatura 
650 |a Infidelidad -  |x Tema Principal 
650 |a Suicidio en la Literatura 
700 |a García, Laura  |e (voz) 
910 |a Fondo General 
920 |a Sonoros - CDs 
940 |a Literatura 
905 |a 403 
901 |a 0500241400  |b IT2  |c CDS  |u 20250521 
901 |a 0500241403  |b IT2  |c CDS  |u 20250521 
901 |a 0500241409  |b IT2  |c CDS  |u 20250521 
901 |a 0500112518  |b IT2  |c CDS  |u 20250521 
901 |a 0500112515  |b IT2  |c CDS  |u 20250521 
901 |a 0500112512  |b IT2  |c CDS  |u 20250521 
902 |a https://opac.biblio.iteso.mx/vufind/Record/000174078